[Event "Santos Paulista-ch"]
[Site "Santos"]
[Date "2011.12.04"]
[Round "5"]
[White "Matsuura, Everaldo"]
[Black "Gallo Ponce, Elbert"]
[Result "1-0"]
[WhiteElo "2487"]
[BlackElo "2243"]
[PlyCount "51"]
[EventDate "2011.12.02"]
[EventType "swiss"]
[EventRounds "6"]
[EventCountry "BRA"]
[SourceTitle "CBM 146 Extra"]
[Source "ChessBase"]
[SourceDate "2012.02.29"]
[SourceVersion "1"]
[SourceVersionDate "2012.02.29"]
[SourceQuality "1"]

1. e4 c5 2. Nf3 g6 3. d4 cxd4 4. Nxd4 Nc6 5. Nc3 Nf6 6. Nxc6 bxc6 7. e5 Ng8 8. Bc4 Bg7 9. Qf3 e6 10. Bf4 f5 11. 0-0-0 Qc7 12. g4 Ne7 13. gxf5 Nxf5 14. Qe2 Rb8 15. h4 Qb6 16. Bb3 Kd8 17. Ne4 a5 18. c3 Kc7 19. Qd2 a4 20. Bxa4 Qa5 21. Bb3 Bxe5 22. h5 gxh5 23. Rxh5 Kb7 24. Nd6+ Bxd6 25. Qxd6 Ra8 26. Rxf5 1-0

[Event "Sao Paulo Braga op"]
[Site "Sao Paulo"]
[Date "2011.04.23"]
[Round "6"]
[White "Choma, Ernani Francisco"]
[Black "Gallo Ponce, Elbert"]
[Result "0-1"]
[WhiteElo "2348"]
[BlackElo "2231"]
[PlyCount "42"]
[EventDate "2011.04.20"]
[EventType "swiss"]
[EventRounds "9"]
[EventCountry "BRA"]
[SourceTitle "CBM 141 Extra"]
[Source "ChessBase"]
[SourceDate "2011.05.03"]
[SourceVersion "1"]
[SourceVersionDate "2011.05.03"]
[SourceQuality "1"]

1. Nf3 Nf6 2. c4 c5 3. g3 b6 4. Bg2 Bb7 5. 0-0 e6 6. Nc3 Be7 7. d4 cxd4 8. Qxd4 d6 9. b3 a6 10. Ba3 Nc6 11. Qf4 Qc7 12. Rac1 Ne5 13. Rfd1 0-0 14. Ng5 Bxg2 15. Kxg2 Ng6 16. Qd4 Rfd8 17. Kg1 Ne8 18. Nf3 Qb7 19. Qe4 d5 20. cxd5 Bxa3 21. Rc2 Bf8 0-1

[Event "Sao Paulo Braga op"]
[Site "Sao Paulo"]
[Date "2011.04.23"]
[Round "7"]
[White "Rodi, Luis Ernesto"]
[Black "Gallo Ponce, Elbert"]
[Result "1-0"]
[WhiteElo "2359"]
[BlackElo "2231"]
[PlyCount "125"]
[EventDate "2011.04.20"]
[EventType "swiss"]
[EventRounds "9"]
[EventCountry "BRA"]
[SourceTitle "CBM 141 Extra"]
[Source "ChessBase"]
[SourceDate "2011.05.03"]
[SourceVersion "1"]
[SourceVersionDate "2011.05.03"]
[SourceQuality "1"]

1. d4 e6 2. e4 d5 3. Nc3 Bb4 4. e5 Bf8 5. Nf3 b6 6. Bb5+ c6 7. Ba4 a5 8. a3 Ba6 9. Ne2 Bxe2 10. Qxe2 b5 11. Bb3 a4 12. Ba2 Nd7 13. c3 Nb6 14. Bg5 Qd7 15. 0-0 h6 16. Be3 Nc4 17. Ne1 Ne7 18. Nd3 g6 19. Rae1 Bg7 20. Bc1 Qa7 21. Kh1 Nb6 22. f4 h5 23. Bb1 Nf5 24. Nf2 Qe7 25. Nh3 Nc4 26. g3 Kd7 27. Bd3 Kc7 28. Kg2 Kd7 29. Rh1 Kc7 30. Kf1 Kb7 31. Qf3 Kb6 32. Qg2 Bf8 33. Ng5 Bh6 34. Nf3 Rag8 35. Ke2 Bf8 36. Kd1 Qc7 37. h3 Be7 38. g4 Nh4 39. Nxh4 Bxh4 40. Ref1 Be7 41. Qf3 hxg4 42. hxg4 Qd8 43. Kc2 Rxh1 44. Rxh1 Rh8 45. Rh3 c5 46. f5 gxf5 47. gxf5 Rxh3 48. Qxh3 Qg8 49. fxe6 fxe6 50. Kb1 cxd4 51. cxd4 Kc6 52. Ka2 Kd7 53. Be3 Qg7 54. Qf3 Qh8 55. Bxc4 bxc4 56. Qd1 Qa8 57. Bd2 Qa6 58. Bb4 Qb5 59. Qd2 Qb8 60. Qc2 Qa8 61. Bxe7 c3 62. Bb4 cxb2 63. Qc5 1-0

[Event "Paulista-chT"]
[Site "Sao Paolo"]
[Date "2011.03.13"]
[Round "7.3"]
[White "Gallo Ponce, Elbert"]
[Black "Cunico, Giuliano Bernardo"]
[Result "1-0"]
[WhiteElo "2231"]
[BlackElo "2000"]
[PlyCount "67"]
[EventDate "2011.02.26"]
[EventType "team-tourn"]
[EventRounds "7"]
[EventCountry "BRA"]
[SourceTitle "CBM 141 Extra"]
[Source "ChessBase"]
[SourceDate "2011.05.03"]
[SourceVersion "1"]
[SourceVersionDate "2011.05.03"]
[SourceQuality "1"]
[WhiteTeam "Sao Jose Guaira"]
[BlackTeam "CXS II"]
[WhiteTeamCountry "BRA"]
[BlackTeamCountry "BRA"]

1. Nf3 Nf6 2. g3 g6 3. b3 Bg7 4. Bb2 c5 5. c4 Nc6 6. Bg2 0-0 7. 0-0 d5 8. cxd5 Nxd5 9. Bxg7 Kxg7 10. d4 Ndb4 11. a3 Na6 12. d5 Ncb8 13. Nc3 Nd7 14. e4 Qc7 15. Qc2 Ne5 16. Nxe5 Qxe5 17. f4 Qh5 18. Rad1 Bg4 19. Rd2 Rfd8 20. h3 Bxh3 21. Bf3 Bg4 22. Rh2 Bxf3 23. Rxh5 Bxh5 24. f5 f6 25. e5 fxe5 26. Qe4 gxf5 27. Qxf5 Bg6 28. Qxe5+ Kg8 29. Qe6+ Kh8 30. Qxe7 Rab8 31. d6 Re8 32. Qf6+ Kg8 33. d7 Rf8 34. Qxf8+ 1-0